000 00846nam a2200265 a 4500
001 59886
003 BD-RjUL
005 20211209080758.0
008 161227s1962 ii 001 0 eng d
035 _a(BD-RjUL)60010
040 _aSOI
_cSOI
_dEQO
_dBD-RjUL
_beng
041 _aeng
082 _223
_a347.03
_bIYE 1962
100 _aIyengar, T. R. Srinivasa
_9178176
245 1 0 _aEncyclopaedia of company law /
_cT. R. Srinivasa Iyengar, Philip K. Thayil, and S. N Bagga
260 _aAllahabad :
_bLaw Book Co. ,
_c1962.
300 _aV. ;
_c26 cm.
500 _aKept up to date by supplement
500 _aIncludes bibliographical references and index
505 _avol. 1 -- V-2.--
650 _aCompany law
_vDictionaries
_9179562
700 _a Thayil, Philip K.
_9178180
700 _aBagga, S. N
_9178181
942 _2ddc
_cREF
999 _c59886
_d59886